| 000 | 01778cam a2200265 4500 | ||
|---|---|---|---|
| 001 | ABS66317 | ||
| 008 | 030207n2003 000 0 eng u | ||
| 035 | _a(Sirsi) u121274 | ||
| 100 | _aWinter, J. | ||
| 245 | _aExtensions of time - notice of condition precedent to entitlement | ||
| 260 | _c2003 | ||
| 490 |
_aCivil Engineering Surveyor _vDecember/January 2003, 18(1) |
||
| 520 | _aConsiders the benefits of making a condition precedent of extensions of time and the problems associated with it. Looks at two Australian cases "Gaymark Investments Pty Ltd v Walter Construction Group Pty Ltd (1999) and "Abigroup Pty Ltd v Peninsula Balmain Pty Ltd" (2002) where the contractor was able to rely on the prevention principle and the latter where the contractor should have been allowed an extension of time. The UK standard forms, JCT and ICE, do not make notice a condition precedent to an extension of time, whereas FIDIC's "Conditions of contract for EPC/turnkey contracts" (known as the Silver book) cl20.1 insists on a notice of a claim if an extension of time is required by the contractor. View "Gaymark Investments Pty Ltd v Walter Construction Group Pty Ltd" judgment at www.nt.gov.au/ntsc. | ||
| 590 | _aABS | ||
| 650 | _aEXTENSIONS OF TIME | ||
| 650 | _aCONDITION PRECEDENTS | ||
| 650 | _aBUILT ENVIRONMENT-BUILDING CONTRACT FORMS-STANDARD FORMS OF BUILDING CONTRACT-INTERNATIONAL FEDERATION OF CONSULTING ENGINEERS CONTRACTS | ||
| 650 | _aJCT STANDARD FORMS OF BUILDING CONTRACT | ||
| 650 | _aICE FORMS | ||
| 650 | _aGAYMARK INVESTMENTS PTY LTD V WALTER CONSTRUCTION GROUP PTY LTD | ||
| 650 | _aABIGROUP CONTRACTORS PTY LTD V PENINSULAR BALMAIN PTY LTD | ||
| 690 | _aBUILT ENVIRONMENT-BUILDING CONTRACT FORMS | ||
| 700 | _aEssen, M. | ||
| 942 | _n0 | ||
| 999 |
_c72077 _d72077 |
||